| 000 | 01617nam a22004337a 4500 | ||
|---|---|---|---|
| 001 | 000096339 | ||
| 003 | CHAP | ||
| 005 | 20220329143151.0 | ||
| 008 | 060927d2006 mx r 00110 spa d | ||
| 010 | _a92805 | ||
| 011 | _a93777 | ||
| 035 | _a104358 | ||
| 040 | _cCHAP | ||
| 090 | _aTesis | ||
| 100 | 1 |
_aMartínez Pérez, Rogelio. _972401 |
|
| 245 | 1 | 0 |
_aAnálisis del sector agropecuario de México y el MERCOSUR / _c/por Rogelio Martínez Pérez. |
| 260 |
_aChapingo, Méx. : _bEl autor, _c2006. |
||
| 300 |
_a123 h. : _bgráfs.; cuadros , + anexo. |
||
| 502 | _aTesis (Lic. en Economía Agrícola) - - UACH. División de Ciencias Economico Administrativas | ||
| 590 |
_aALEPH _b10 _c20130110 _lUCH01 _h1514 |
||
| 590 |
_aBATCH-UPD _b10 _c20130110 _lUCH01 _h0631 |
||
| 590 |
_aBATCH-UPD _b10 _c20130110 _lUCH01 _h2318 |
||
| 590 |
_aBATCH-UPD _b10 _c20130410 _lUCH01 _h0315 |
||
| 590 |
_aBATCH-UPD _b10 _c20130914 _lUCH01 _h1801 |
||
| 590 |
_aBATCH-UPD _b10 _c20140324 _lUCH01 _h1459 |
||
| 590 |
_aBATCH-UPD _b10 _c20141002 _lUCH01 _h0831 |
||
| 590 |
_aCONVERSION _b10 _c20130109 _lUCH01 _h1351 |
||
| 590 |
_aE11695DGD _b10 _c20130529 _lUCH01 _h1424 |
||
| 650 | 1 | 4 |
_aAgricultura _xAspectos economicos _zMexico. _91312 |
| 650 | 1 | 4 |
_aMercado común Latinoamericano. _974894 |
| 650 | 1 | 4 |
_aTratados _xAmérica Latina. _9114690 |
| 856 |
_3Finding aid _uhttp://10.13.5.2/tesis/104358.pdf _zTeclea aquí |
||
| 901 | _aBK | ||
| 905 | _aElisama A. H. | ||
| 942 | _cCD | ||
| 942 | _n0 | ||
| 949 |
_aTesis _bBC _cLIBRO _d00000000104358 _eTS1 _h45702 _i104358 _sb |
||
| 949 |
_aTesis _bBC _cLIBRO _d33724000995890 _eTS2 _fc.2 _h45703 _i104358 _sb |
||
| 999 |
_c92805 _d92805 |
||